Approaches for Prudent Property Valuations across Europe (Record no. 121342)

MARC details
000 -LEADER
fixed length control field 01142nam a22002657a 4500
001 - CONTROL NUMBER
control field 121342
008 - FIXED-LENGTH DATA ELEMENTS--GENERAL INFORMATION
fixed length control field 230131s2021 xxk|||||o|||| 00| 0 eng d
041 ## - LANGUAGE CODE
Language code of text/sound track or separate title eng
110 ## - MAIN ENTRY--CORPORATE NAME
Corporate author Royal Institution of Chartered Surveyors
245 ## - TITLE STATEMENT
Title Approaches for Prudent Property Valuations across Europe
Medium [Electronic resource]
260 ## - PUBLICATION INFORMATION
Place of publication London,
Publisher RICS, IVSC, Tegova
Date May 2021
300 ## - PHYSICAL DESCRIPTION
Physical description 90p.
520 ## - ABSTRACT
Abstract The report focuses on plans to implement Basel 3 in Europe through changes to the Capital Requirements Regulation, but the findings have global implications.
650 ## - KEYWORDS
Keywords Basel III
650 ## - KEYWORDS
Keywords Prudent Valuation
651 ## - SUBJECT ADDED ENTRY--GEOGRAPHIC NAME
Geographic name International
690 ## - BROAD SUBJECT
9 (RLIN) 6273
Broad subject Valuation
700 ## - ADDED PERSONAL NAME
Added personal author Crosby, Neil
700 ## - ADDED PERSONAL NAME
Added personal author Hordijk
Relator term Aart
710 2# - ADDED CORPORATE NAME
Added corporate author International Valuation Standards Council
710 ## - ADDED CORPORATE NAME
Added corporate author Royal Institution of Chartered Surveyors
710 ## - ADDED CORPORATE NAME
Added corporate author TEGoVA
856 ## - ONLINE RESOURCE
Uniform Resource Identifier <a href="https://www.rics.org/globalassets/rics-website/media/upholding-professional-standards/sector-standards/valuation/approaches-for-prudent-property-valuations-across-europe-report-2021-05-10.pdf">https://www.rics.org/globalassets/rics-website/media/upholding-professional-standards/sector-standards/valuation/approaches-for-prudent-property-valuations-across-europe-report-2021-05-10.pdf</a>
Public note Available free on RICS.org
942 ## - ADDED ENTRY ELEMENTS (KOHA)
Suppress in OPAC Do not suppress in OPAC
Holdings
Lost status Damaged status Not for loan Current library Shelving location Date acquired Total Checkouts Date last seen Price effective from Koha item type
      Virtual Online 31/01/2023   31/01/2023 31/01/2023 Online material